<?xml version="1.0" encoding="UTF-8"?><?xml-stylesheet type="text/xsl" href="static/style.xsl"?><OAI-PMH xmlns="http://www.openarchives.org/OAI/2.0/" xmlns:xsi="http://www.w3.org/2001/XMLSchema-instance" xsi:schemaLocation="http://www.openarchives.org/OAI/2.0/ http://www.openarchives.org/OAI/2.0/OAI-PMH.xsd"><responseDate>2026-06-02T04:53:06Z</responseDate><request verb="GetRecord" identifier="oai:riuma.uma.es:10630/28694" metadataPrefix="marc">https://riuma.uma.es/rest/oai/request</request><GetRecord><record><header><identifier>oai:riuma.uma.es:10630/28694</identifier><datestamp>2026-04-06T09:06:18Z</datestamp><setSpec>com_10630_2254</setSpec><setSpec>col_10630_37953</setSpec></header><metadata><record xmlns="http://www.loc.gov/MARC21/slim" xmlns:dcterms="http://purl.org/dc/terms/" xmlns:doc="http://www.lyncode.com/xoai" xmlns:xsi="http://www.w3.org/2001/XMLSchema-instance" xsi:schemaLocation="http://www.loc.gov/MARC21/slim http://www.loc.gov/standards/marcxml/schema/MARC21slim.xsd">
   <leader>00925njm 22002777a 4500</leader>
   <datafield ind2=" " ind1=" " tag="042">
      <subfield code="a">dc</subfield>
   </datafield>
   <datafield ind2=" " ind1=" " tag="720">
      <subfield code="a">Luque-Gil, Ana María</subfield>
      <subfield code="e">author</subfield>
   </datafield>
   <datafield ind2=" " ind1=" " tag="720">
      <subfield code="a">Gómez-Moreno, María Luisa</subfield>
      <subfield code="e">author</subfield>
   </datafield>
   <datafield ind2=" " ind1=" " tag="720">
      <subfield code="a">Peláez-Fernández, María Ángeles</subfield>
      <subfield code="e">author</subfield>
   </datafield>
   <datafield ind2=" " ind1=" " tag="260">
      <subfield code="c">2018-11-17</subfield>
   </datafield>
   <datafield ind2=" " ind1=" " tag="520">
      <subfield code="a">The aim of the present study was to identify the profile and motivations of users of public facilities in Sierra de las Nieves, a protected area (‘natural park’) in the Spanish Mediterranean mountains, and their influence on perceptions of crowding and satisfaction. A self-reported questionnaire, including socio-demographic questions and a scale measuring perception of crowding, type of motivation, frequency of visits, and satisfaction, was administered to 345 visitors. Four profiles of visitors were identified: social, sport, learning, and nature visitors. Results showed that sport and nature visitors perceived more crowding than learning visitors. Type of motivation, and the interactions, age × type of motivation and employment-status × type of motivation, explained a significant amount of variance of perceived crowding. Interaction analysis showed that both age and employment status moderated the relationship between type of motivation and perception of crowding. We suggest implications for park planning and management</subfield>
   </datafield>
   <datafield ind1="8" ind2=" " tag="024">
      <subfield code="a">Luque-Gil, A.M., Gómez-Moreno, M.L., &amp; Peláez-Fernández, M.A. (2018). Starting to enjoy nature in Mediterranean mountains: Perception of crowding and satisfaction. Tourism Management Perspectives, 25, 93-103.</subfield>
   </datafield>
   <datafield ind1="8" ind2=" " tag="024">
      <subfield code="a">https://hdl.handle.net/10630/28694</subfield>
   </datafield>
   <datafield ind1="8" ind2=" " tag="024">
      <subfield code="a">10.1016/j.tmp.2017.11.006</subfield>
   </datafield>
   <datafield tag="653" ind2=" " ind1=" ">
      <subfield code="a">Turismo rural</subfield>
   </datafield>
   <datafield tag="653" ind2=" " ind1=" ">
      <subfield code="a">Densidad de población</subfield>
   </datafield>
   <datafield tag="653" ind2=" " ind1=" ">
      <subfield code="a">Reservas naturales</subfield>
   </datafield>
   <datafield ind2="0" ind1="0" tag="245">
      <subfield code="a">Starting to enjoy nature in Mediterranean mountains: Crowding perception and satisfaction.</subfield>
   </datafield>
</record>
</metadata></record></GetRecord></OAI-PMH>